000 00290nam a2200121Ia 4500
008 191201s2014 xx 000 0 und d
100 _aPRATAP, Rudra
245 0 _aGetting Started with MATLAB
260 _aN. Delhi
_bOxford
_c2014
300 _a272
650 _aB.Tech(ME)
942 _2ddc
_cBK
999 _c6119
_d6119